| 000 | 00938 a2200229 4500 | ||
|---|---|---|---|
| 003 | Nust | ||
| 005 | 20221118084233.0 | ||
| 010 | _a 90020493 | ||
| 020 | _a0080377106 : | ||
| 020 | _a0080377114 (pbk.) : | ||
| 040 | _cNust | ||
| 082 | 0 | 0 | _a621.38,RAD |
| 245 | 0 | 0 |
_aRadar / _cP.S. Hall ... [et. al]. |
| 250 | _a1st ed. | ||
| 260 |
_aLondon ; _aWashington : _bBrassey's (UK), _c1991. |
||
| 300 |
_axiii, 170 p. : _bill. ; _c26 cm. |
||
| 440 | 0 |
_aLand warfare ; _vv. 9 _9102996 |
|
| 505 | _aIntroduction to Radar (Page-1), Principles of Radar Operation (Page-15), Further Radar Techniques (Page-32), Radar Technology (Page-50), Battlefield Surveillance Radar (Page-71), Weapon Locating Radars (Page-90), Air Defence Radar (Page-100), Other Battlefield Radars (Page-111), Electronics Warfare (Page-130), Conclusions (Page-150). | ||
| 650 | 0 |
_aRadar _xMilitary applications. _948895 |
|
| 700 | 1 |
_aHall, P. S. _948896 |
|
| 942 |
_2ddc _cBK |
||
| 999 |
_c181186 _d181186 |
||